[Event "Titled Tuesday intern op 19th Sep Early"]
[Site "Chess.com INT"]
[Date "2023.09.19"]
[Round "10"]
[White "Hommadov, Amanmuhammet"]
[Black "Costachi, Mihnea"]
[Result "1/2-1/2"]
[WhiteElo "2070"]
[BlackElo "2476"]
[PlyCount "86"]
[EventDate "2023.09.19"]
[EventType "swiss (blitz)"]
[EventRounds "11"]
[EventCountry "USA"]
[SourceTitle "EXT 2024"]
[Source "ChessBase"]
[SourceDate "2023.10.10"]
[SourceVersion "1"]
[SourceVersionDate "2023.10.10"]
[SourceQuality "1"]

1. e4 c5 2. Nf3 d6 3. d4 cxd4 4. Nxd4 Nf6 5. Nc3 Nc6 6. Bg5 e6 7. Qd2 a6 8. 0-0-0 Be7 9. f4 Bd7 10. Nf3 h6 11. Bh4 0-0 12. e5 Nd5 13. Bxe7 Qxe7 14. Nxd5 exd5 15. Qxd5 Rfd8 16. Qxd6 Qe8 17. Bc4 Be6 18. Qc5 b6 19. Rxd8 Rxd8 20. Qxb6 Bxc4 21. b3 Bd5 22. Rd1 Bxf3 23. Rxd8 Qxd8 24. Qxd8+ Nxd8 25. gxf3 g6 26. Kd2 Kf8 27. Ke3 Ke7 28. b4 Ke6 29. c4 Kf5 30. a4 Ne6 31. a5 Nxf4 32. b5 axb5 33. a6 bxc4 34. Kd4 Ne6+ 35. Kxc4 Nc7 36. a7 Kxe5 37. Kc5 g5 38. Kc6 Na8 39. Kb7 Kd6 40. Kxa8 Kc7 41. f4 f5 42. h4 gxf4 43. h5 f3 1/2-1/2

[Event "Timisoara Foisor Memorial Rapid"]
[Site "Timisoara"]
[Date "2023.08.06"]
[Round "8"]
[White "Costachi, Mihnea"]
[Black "Ognean, Mihnea Ionut"]
[Result "0-1"]
[WhiteElo "2476"]
[BlackElo "2355"]
[PlyCount "140"]
[EventDate "2023.08.05"]
[EventType "swiss (rapid)"]
[EventRounds "10"]
[EventCountry "ROU"]
[SourceTitle "CBM 215 Extra"]
[Source "ChessBase"]
[SourceDate "2023.09.30"]
[SourceVersion "1"]
[SourceVersionDate "2023.09.30"]
[SourceQuality "1"]

1. Nc3 d5 2. d4 Nf6 3. Bf4 c5 4. e3 cxd4 5. exd4 Bg4 6. Be2 Bxe2 7. Qxe2 Nc6 8. Nf3 e6 9. 0-0 Be7 10. Qe3 Qb6 11. Rab1 Rc8 12. Ne2 0-0 13. c3 Qa6 14. Nc1 Na5 15. Ne5 Nc4 16. Qf3 Ne4 17. Nxc4 Qxc4 18. a3 b5 19. Nd3 a5 20. Qe3 Rfe8 21. f3 Nd6 22. Bxd6 Bxd6 23. Ne5 Qb3 24. Qe2 Bxe5 25. dxe5 Rc4 26. Qd1 Qxd1 27. Rfxd1 g5 28. Kf2 Kg7 29. Ke3 Kg6 30. g4 Rec8 31. Rd4 f6 32. exf6 Kxf6 33. Rxc4 bxc4 34. Rd1 Rb8 35. Rd2 Ke5 36. Rc2 Rb3 37. Kf2 Kf4 38. Rd2 e5 39. h3 a4 40. Ke2 Rb5 41. Kf2 e4 42. fxe4 dxe4 43. Ke2 Rb8 44. Rc2 e3 45. Kf1 Ke4 46. Ke2 Rf8 47. Ke1 Kd3 48. Rh2 Rf3 49. h4 Rg3 50. Kf1 gxh4 51. Rxh4 e2+ 52. Kf2 Rf3+ 53. Kxf3 e1Q 54. Rh5 Qe3+ 55. Kg2 Qf4 56. Kh3 Ke2 57. Kh4 h6 58. Kh3 Qe3+ 59. Kh4 Qf2+ 60. Kh3 Qf3+ 61. Kh4 Qh1+ 62. Kg3 Qg1+ 63. Kh3 Kd3 64. Ra5 Qe3+ 65. Kh4 Kc2 66. Rxa4 Qe7+ 67. Kh3 Qe3+ 68. Kh4 Qf4 69. Kh3 Kxb2 70. Ra8 Qf3+ 0-1